| 000 | 00390nam a2200133Ia 4500 | ||
|---|---|---|---|
| 008 | 191014s9999 xx 000 0 und d | ||
| 020 | _a0-8053-9277-7 | ||
| 082 |
_a574.401514 _bTHO |
||
| 100 |
_aRene Thom _920370 |
||
| 245 | 0 | _aStructural Stability and Morphogenesis An Outline Of A General Theory of Models | |
| 260 |
_aUSA _bW.A.Benjamin Inc. _c1975 |
||
| 300 | _aXxv,348 | ||
| 942 | _cBK | ||
| 999 |
_c530948 _d530948 |
||